LEADER 01608nam2-2200457---450- 001 990000613080203316 005 20100915165345.0 010 $a88-08-09142-2 035 $a0061306 035 $aUSA010061306 035 $a(ALEPH)000061308USA01 035 $a0061306 100 $a20010907d1995----km-y0itay0103----ba 101 $aita 102 $aIT 105 $a||||||||001yy 200 1 $aDisposizioni transitorie e finali 1-18 ; Leggi costituzionali e di revisione costituzionale 1948-1993$f[di] Alessandro Pizzorusso ... [et al.] 210 $aBologna$cZanichelli$aRoma$cSoc. ed. del Foro italiano$d1995 215 $aLVII, 694 p.$d25 cm 410 $12001 461 1$10010061254$12001$aCommentario della Costituzione 606 0 $aItalia$xCostituzioni politiche$z1948 676 $a342.45023 702 1$aPIZZORUSSO,$bAlessandro 801 0$aIT$bsalbc$gISBD 912 $a990000613080203316 951 $aXXIV.2.B. 257 18 (342 COM)$b8883 G$cXXIV.2.B. 257 18 (342)$d00289641 951 $aSANT.11 COM 3 33$b1295 DDPG$cSANT.11 COM 951 $aST D$b2042 DDPG$cST D 959 $aBK 969 $aGIU 969 $aDDPG 979 $aPATTY$b90$c20010907$lUSA01$h1336 979 $c20020403$lUSA01$h1710 979 $aPATRY$b90$c20040406$lUSA01$h1642 979 $aDDPG1$b90$c20060918$lUSA01$h1258 979 $aDDPG1$b90$c20060918$lUSA01$h1305 979 $aDDPG1$b90$c20070213$lUSA01$h1819 979 $aRSIAV4$b90$c20100915$lUSA01$h1653 996 $aDisposizioni transitorie e finali 1.-18. Leggi costituzionali e di revisione costituzionale$91403007 997 $aUNISA LEADER 01361nam a2200349 i 4500 001 991003325929707536 008 170207s2015 sz a|||| b 000 | eng d 020 $a9783319253718 035 $ab14316328-39ule_inst 040 $aBibl. Dip.le Aggr. Matematica e Fisica - Sez. Matematica$beng 082 04$a519.2$223 084 $aAMS 60J80 084 $aAMS 60G50 084 $aAMS 60J85 100 1 $aShi, Zhan$0718982 245 10$aBranching random walks :$bÉcole d'Été de Probabilités de Saint-Flour XLII-2012 /$cZhan Shi 264 1$aCham [etc.] :$bSpringer,$cc2015 300 $ax, 133 p. :$bill. (some col.) ;$c24 cm 336 $atext$btxt$2rdacontent 337 $aunmediated$bn$2rdamedia 338 $avolume$bnc$2rdacarrier 490 1 $aLecture notes in mathematics,$x0075-8434 ;$v2151 504 $aIncludes bibliographical references 650 0$aRandom walks (Mathematics)$vCongresses 650 0$aBranching processes$vCongresses 711 2 $aÉcole d'été de probabilités de Saint-Flour$n<42. ;$d2012> 907 $a.b14316328$b07-02-17$c07-02-17 912 $a991003325929707536 945 $aLE013 60J SHI11 (2015)$g1$i2013000294049$lle013$op$pE34.99$q-$rl$s- $t0$u1$v0$w1$x0$y.i15796061$z07-02-17 996 $aBranching random walks$91395535 997 $aUNISALENTO 998 $ale013$b07-02-17$cm$da $e-$feng$gsz $h0$i0 LEADER 02112nam 2200577 450 001 9910811282403321 005 20230803034608.0 010 $a80-246-2406-0 035 $a(CKB)3710000000095621 035 $a(EBL)3319617 035 $a(SSID)ssj0001267758 035 $a(PQKBManifestationID)12471850 035 $a(PQKBTitleCode)TC0001267758 035 $a(PQKBWorkID)11264992 035 $a(PQKB)10070211 035 $a(MiAaPQ)EBC3319617 035 $a(Au-PeEL)EBL3319617 035 $a(CaPaEBR)ebr10852848 035 $a(OCoLC)929117401 035 $a(EXLCZ)993710000000095621 100 $a20140410h20132013 uy 0 101 0 $acze 135 $aur|n|---||||| 181 $ctxt 182 $cc 183 $acr 200 10$aOd na?rodni?ho sta?tu ke sta?tu na?rodnosti?? $eNa?rodnostni? statut a snahy o r?eseni? mensinove? ota?zky v C?eskoslovensku v roce 1938 /$fProf. JUDr. Jan Kukli?k, DrSc., doc. PhDr. Jan Ne?mec?ek, DrSc. ; recenzovali, prof. PhDr. Robert Kvac?ek, CSc., doc. Mgr. Jaroslav Sebek, Ph.D 205 $aVyda?ni? prvni?. 210 1$aPrague, [Czech Republic] :$cKarolinum,$d2013. 210 4$d©2013 215 $a1 online resource (450 p.) 300 $aDescription based upon print version of record. 311 $a80-246-2377-3 320 $aIncludes bibliographical references and index. 606 $aMinorities$xLegal status, laws, etc$zCzechoslovakia$xHistory 606 $aMinorities$xGovernment policy$zCzechoslovakia$xHistory 607 $aCzechoslovakia$xEthnic relations$xPolitical aspects 607 $aCzechoslovakia$xPolitics and government$y1918-1938 615 0$aMinorities$xLegal status, laws, etc.$xHistory. 615 0$aMinorities$xGovernment policy$xHistory. 676 $a341.481 700 $aKukli?k$b Jan$01627204 702 $aKvac?ek$b Robert 702 $aS?ebek$b Jaroslav 801 0$bMiAaPQ 801 1$bMiAaPQ 801 2$bMiAaPQ 906 $aBOOK 912 $a9910811282403321 996 $aOd na?rodni?ho sta?tu ke sta?tu na?rodnosti?$94058830 997 $aUNINA